| 000 | 00810 a2200169 4500 | ||
|---|---|---|---|
| 003 | Nust | ||
| 005 | 20221227095624.0 | ||
| 040 | _cNust | ||
| 082 | _a355,DEL | ||
| 100 |
_aDelić, Rasim _9106006 |
||
| 245 |
_aArmy key to the peace / _cArmy General Rasim Delić, |
||
| 260 |
_bAsim Gruhonjic _c1994 _aBosnia |
||
| 300 |
_a53, p; _billus _c18 cm |
||
| 505 | _aArmy is Social Institution (Page-5), The Results of Strategic Importance (Page-15), The Army Defends Every Part of the State Territory (Page-25), Why Do They Attack Bosnia and Herzegovina (Page-31), Our Ideology is Fight For Freedom (Page-33), People Should Stick Together (Page-37), What Kind of a Country Do We Create? (Page-39), Let us Join Fight for Our Homeland (Page-41). | ||
| 650 |
_aArmy key to the peace _9106007 |
||
| 942 |
_2ddc _cBK _k355,DEL |
||
| 999 |
_c184653 _d184653 |
||